000 00894nam a2200229 a 4500
003 PILC
005 20240203094150.0
008 041130s2000 xx 00 eng d
010 _aAcc#33673
020 _a9712709558
040 _cPhilippine Baptist Theological Seminary
050 _aFil PN 5426 .Au79
_bM66 2000
100 1 0 _aManlapaz, Edna Zapanta
245 1 0 _aAustregelina :
_ba story of Lina Espina Moore's life and selected works /
_cWritten and edited by Edna Zapanta Manlapaz.
260 0 _aPasig City, Phils :
_bANVIL,
_cc2000.
300 _a176 p. : 23 cm.
505 _aA story of Lina Espina Moore's life -- A selection of Lina Espina Moore's Essays -- A selection of Lina Espina Moore's Fiction
650 _aMOORE, LINA ESPINA
650 _aWOMEN JOURNALISTS
_xPHILIPPINES
_xBIOGRAPHY
650 4 _aPHILIPPINE FICTION (ENGLISH)
_xHISTORY AND CRITICISM
942 _cCB
_2lcc
999 _c14608
_d14608